| 000 | 00669nam a2200181Ia 4500 | ||
|---|---|---|---|
| 008 | 090630s9999 xx 000 0 und d | ||
| 082 | _b1820 | ||
| 100 | _aडॉ. राउजकर वा. ब. | ||
| 245 |
_aकेळीची लागवड व्यापार. _cडॉ. राउजकर वा. ब. |
||
| 260 |
_bउद्यम. _c1973 |
||
| 300 | _a136 | ||
| 600 | _aडॉ. राउजकर वा. ब. | ||
| 630 | _aकेळीची लागवड व्यापार. | ||
| 655 | _aइतर. | ||
| 700 | _aडॉ. राउजकर वा. ब. | ||
| 730 | _aकेळीची लागवड व्यापार. | ||
| 942 | _cBOOK | ||
| 999 |
_c253676 _d253676 |
||